|
|
|
|
| LEADER |
01302nam a2200301 a 4500 |
| 001 |
13545637 |
| 005 |
20040621204348.0 |
| 008 |
040401s2004 njua b 001 0 eng d |
| 906 |
|
|
|a 7
|b cbc
|c copycat
|d 1
|e ncip
|f 20
|g y-gencatlg
|
| 925 |
0 |
|
|a acquire
|b 1 shelf copy
|x policy default
|
| 955 |
|
|
|a ps13 2004-04-01 z-processor to ASCD
|a jp00 2004-04-06
|c jp20 2004-04-12 to subj
|d jp99 2004-04-13
|e jp10 2004-04-21 to Dewey
|a aa25 2004-04-22
|
| 010 |
|
|
|a 2004298407
|
| 020 |
|
|
|a 0471393878
|
| 020 |
|
|
|a 0471451665
|
| 040 |
|
|
|a UKM
|c UKM
|d VPI
|d CStRLIN
|d DLC
|
| 082 |
0 |
0 |
|a 572
|2 22
|
| 100 |
1 |
|
|a Pratt, Charlotte W.
|
| 245 |
1 |
0 |
|a Essential biochemistry /
|c Charlotte W. Pratt, Kathleen Cornely.
|
| 260 |
|
|
|a Hoboken, NJ :
|b J. Wiley,
|c c2004.
|
| 300 |
|
|
|a xix, 761 p. :
|b ill. (partly col.) ;
|c 29 cm. +
|e 1 CD-ROM (col. ; 4 3/4 in.)
|
| 500 |
|
|
|a Accompanying CD-ROM includes exercises, quizzes, web links, and other learning tools.
|
| 504 |
|
|
|a Includes bibliographical references and index.
|
| 541 |
1 |
|
|e 00016392
|
| 650 |
|
0 |
|a Biochemistry.
|
| 700 |
1 |
|
|a Cornely, Kathleen.
|
| 852 |
4 |
|
|a Ayesha Abed library
|j Generl Shelf
|
| 999 |
|
|
|c 857
|d 857
|
| 952 |
|
|
|0 0
|1 4
|2 ddc
|4 0
|6 572_000000000000000_PRA
|7 0
|9 797
|a BRACUL
|b BRACUL
|c GEN
|d 2009-05-19
|l 0
|o 572 PRA
|p 3010016392
|r 2009-05-19
|t 1
|w 2009-05-19
|y BK
|x Koha Inventory 2020
|